|
|
|
|
| LEADER |
00000nam2a2200000 4500 |
| 001 |
45405 |
| 005 |
20241113141116.0 |
| 010 |
|
|
|a 5944570105
|
| 035 |
|
|
|a (RuTPU)RU\TPU\book\47195
|
| 090 |
|
|
|a 45405
|
| 100 |
|
|
|a 20021209d2001 km y0rusy50 ca
|
| 101 |
0 |
|
|a rus
|
| 102 |
|
|
|a RU
|
| 105 |
|
|
|a y z 001zy
|
| 200 |
0 |
|
|a Т.1: Лаврентьевская летопись
|
| 210 |
|
|
|d 2001
|
| 215 |
|
|
|a 496 с.
|
| 300 |
|
|
|a Репринтное воспроизведение издания Лаврентьевской летописи 1926-1928 годов.
|
| 320 |
|
|
|a Указ. имен: с. 541-556.
|
| 320 |
|
|
|a Географ. указ.: с. 557-566.
|
| 320 |
|
|
|a Предм. указ.: с. 567-577.
|
| 461 |
|
1 |
|0 (RuTPU)RU\TPU\book\48391
|t Полное собрание русских летописей
|f Изд. А. Кошелев
|v Т. 1: Лаврентьевская летопись
|e 2-е изд.
|d 2001
|
| 606 |
|
|
|a Летописи русские
|9 81522
|
| 610 |
1 |
|
|a источниковедение
|
| 610 |
1 |
|
|a исторические источники
|
| 610 |
1 |
|
|a русские источники
|
| 610 |
1 |
|
|a Лаврентьевская летопись
|
| 610 |
1 |
|
|a Повесть временных лет
|
| 610 |
1 |
|
|a Суздальская летопись
|
| 686 |
|
|
|a Т3(2)ю
|2 rubbk
|
| 801 |
|
1 |
|a RU
|b 63413507
|c 20021209
|g PSBO
|
| 801 |
|
2 |
|a RU
|b 63413507
|c 20120626
|g PSBO
|
| 942 |
|
|
|c BK
|